000 00717nam a22002297a 4500
005 20250902102751.0
008 250902b |||||||| |||| 00| 0 eng d
020 _a978-93-341-5184-8 (hbk)
037 _cTB
040 _aCRL
_cCRL
041 _2ARB
_aARB
084 _aU8 28R4
_bCRL
245 _aAl-hind fi al-relat al-arabiya al-hadisiya
260 _aTelangana, India:
_bDept. of Arabic, DU,
_c2024.
300 _a311+49p.
365 _b750.00
_cINR
650 _aGeography
650 _aTravel
700 _aRaza, Mohammad Shakir
_eEditor
_9819663
942 _2CC
_cTB
_hU8 28R4
_n0
999 _c1435033
_d1435033